000 00288nam a2200109Ia 4500
008 200302s9999 xx 000 0 und d
100 _aZoe Ryan
245 _aBuilding With Water Concepts Typology Design
260 _bBirkhauser Publishers for Architecture
260 _c2010
300 _a160
999 _c3752
_d3752